Wordoku #1 - Sudoku des Lettres (Niveau Facile) - Statistiques

Statistiques générales
  • Ce quiz a été pris 223 fois
  • Le résultat moyen est 34 sur 44
Statistiques - réponses
Réponses % Correct
I
97%
A
91%
G
91%
O
88%
O
85%
P
81%
R
81%
G
79%
S
79%
S
79%
U
79%
A
78%
G
78%
N
78%
I
77%
I
77%
S
77%
S
76%
A
75%
U
75%
A
74%
G
74%
I
74%
I
74%
N
74%
P
74%
U
74%
U
74%
I
73%
N
73%
N
73%
O
73%
O
73%
O
73%
R
73%
U
73%
G
71%
N
71%
O
71%
P
71%
A
70%
A
70%
R
70%
R
70%
Aucun quiz correspondant
Distribution des résultats
% des personnes avec chaque résultat
Percentile par nombre de réponses
Votre historique - résultats
Vous n’avez pas pris ce quiz